TOO BIG TO WALK : THE NEW SCIENCE OF DINOSAURS

Bibliographic Details
Main Author: Ford, Brian J. (Author)
Format: Book
Published: London : William Collins 2019
Subjects:

MARC

LEADER 00000cam a2200000 7i4500
001 0000242531
005 20210819045957.0
006 a# ###g ###
007 t
008 210819t20182018enk# g eng
020 |a 9780008218935 
040 |a MBPJ   |b eng   |c MBPJ   |e rda 
090 0 0 |a 567.9   |b FOR 
100 1 |a Ford, Brian J. ,   |e author 
245 1 0 |a TOO BIG TO WALK :   |b THE NEW SCIENCE OF DINOSAURS   |c BRIAN J. FORD 
264 1 |a London :   |b William Collins   |c 2019 
264 4 |c ©2018 
300 |a xii , 516 pages ;   |c 20 cm. 
336 |a text  |2 rdacontent 
337 |a unmediated  |2 rdamedia 
338 |a volume  |2 rdacarrier 
650 0 |a Dinosaurs 
999 |a 00380807   |b BUKU   |c PINJAMAN   |e PERPUSTAKAAN KOMUNITI PETALING JAYA